[Event "EYCC 2024 - O16"]
[Site "?"]
[Date "2024.08.25"]
[Round "4.1"]
[White "Colev, Ivor"]
[Black "Von Mettenheim, Johannes"]
[Result "0-1"]
[BlackElo "2340"]
[WhiteElo "2160"]
[LiveChessVersion "1.4.8"]

1. e4 {[%clk 1:30:57]} e5 {[%clk 1:30:55]} 2. Nf3 {[%clk 1:31:25]} Nc6
{[%clk 1:31:19]} 3. Bb5 {[%clk 1:31:52]} Nge7 {[%clk 1:31:46]} 4. c3
{[%clk 1:30:41]} d5 {[%clk 1:32:11]} 5. Nxe5 {[%clk 1:24:10]} dxe4
{[%clk 1:32:33]} 6. d4 {[%clk 1:23:35]} exd3 {[%clk 1:32:43]} 7. Qxd3
{[%clk 1:23:11]} Qxd3 {[%clk 1:32:04]} 8. Nxd3 {[%clk 1:23:32]} Bf5
{[%clk 1:31:19]} 9. Ne5 {[%clk 1:15:20]} a6 {[%clk 1:28:56]} 10. Bxc6+
{[%clk 1:14:43]} bxc6 {[%clk 1:28:58]} 11. O-O {[%clk 1:13:36]} f6
{[%clk 1:27:40]} 12. Nf3 {[%clk 1:09:29]} O-O-O {[%clk 1:27:31]} 13. Re1
{[%clk 0:56:42]} Nd5 {[%clk 1:26:26]} 14. Nbd2 {[%clk 0:55:07]} c5
{[%clk 1:14:47]} 15. Nf1 {[%clk 0:49:55]} Nb6 {[%clk 1:13:27]} 16. Be3
{[%clk 0:48:40]} Na4 {[%clk 1:11:35]} 17. Re2 {[%clk 0:45:00]} Bd3
{[%clk 0:58:10]} 18. Rd2 {[%clk 0:45:22]} Be7 {[%clk 0:58:11]} 19. Ng3
{[%clk 0:43:42]} Bg6 {[%clk 0:57:51]} 20. Re2 {[%clk 0:42:13]} Rd7
{[%clk 0:56:40]} 21. Rc1 {[%clk 0:40:41]} c4 {[%clk 0:52:02]} 22. Nd4
{[%clk 0:36:51]} Bd3 {[%clk 0:31:17]} 23. Rd2 {[%clk 0:36:57]} Bc5
{[%clk 0:28:40]} 24. Nge2 {[%clk 0:31:20]} g5 {[%clk 0:25:00]} 25. h3
{[%clk 0:27:18]} Nb6 {[%clk 0:21:19]} 26. b4 {[%clk 0:24:26]} Bd6
{[%clk 0:20:13]} 27. Nf3 {[%clk 0:16:33]} Re8 {[%clk 0:16:41]} 28. Ne1
{[%clk 0:12:27]} Bxe2 {[%clk 0:15:04]} 29. Rxe2 {[%clk 0:12:51]} Nd5
{[%clk 0:15:21]} 30. Nf3 {[%clk 0:05:18]} Rde7 {[%clk 0:12:05]} 31. Nd4
{[%clk 0:04:34]} Nxe3 {[%clk 0:11:57]} 32. fxe3 {[%clk 0:03:54]} Rxe3
{[%clk 0:11:57]} 33. Rxe3 {[%clk 0:01:09]} Rxe3 {[%clk 0:12:22]} 34. Kf2
{[%clk 0:01:28]} Rd3 {[%clk 0:12:44]} 35. Ke2 {[%clk 0:00:38]} Bxb4
{[%clk 0:11:16]} 36. cxb4 {[%clk 0:01:00]} Rxd4 {[%clk 0:11:40]} 37. Ke3
{[%clk 0:01:06]} Rd3+ {[%clk 0:10:37]} 38. Ke4 {[%clk 0:00:34]} Rd2
{[%clk 0:10:50]} 39. g4 {[%clk 0:00:33]} Rxa2 {[%clk 0:10:38]} 40. Rxc4
{[%clk 0:00:37]} Rf2 {[%clk 0:10:52]} 41. Kd5 {[%clk 0:00:32]} Rf4
{[%clk 0:10:51]} 42. Rc6 {[%clk 0:00:35]} Kb7 {[%clk 0:11:17]} 43. Re6
{[%clk 0:00:49]} f5 {[%clk 0:08:56]} 44. gxf5 {[%clk 0:00:33]} Rxf5+
{[%clk 0:09:20]} 45. Kc4 {[%clk 0:00:48]} Rf3 {[%clk 0:08:16]} 46. Re5
{[%clk 0:00:34]} h6 {[%clk 0:08:38]} 47. h4 {[%clk 0:00:35]} Rf4+
{[%clk 0:09:03]} 0-1

[Event "EYCC 2024 - O16"]
[Site "?"]
[Date "2024.08.25"]
[Round "4.2"]
[White "Podolskyi, Mykhailo"]
[Black "Menahem, Adi"]
[Result "1/2-1/2"]
[BlackElo "2174"]
[WhiteElo "2329"]
[LiveChessVersion "1.4.8"]

1. d4 {[%clk 1:30:45]} Nf6 {[%clk 1:30:54]} 2. c4 {[%clk 1:31:03]} e6
{[%clk 1:31:10]} 3. Nf3 {[%clk 1:31:23]} d5 {[%clk 1:31:27]} 4. Nc3
{[%clk 1:28:51]} dxc4 {[%clk 1:31:08]} 5. e4 {[%clk 1:26:13]} Bb4
{[%clk 1:31:01]} 6. Bg5 {[%clk 1:26:05]} c5 {[%clk 1:30:55]} 7. Bxc4
{[%clk 1:08:40]} cxd4 {[%clk 1:30:36]} 8. Nxd4 {[%clk 1:08:53]} Bxc3+
{[%clk 1:30:28]} 9. bxc3 {[%clk 1:09:22]} Qa5 {[%clk 1:30:21]} 10. Bxf6
{[%clk 1:09:45]} Qxc3+ {[%clk 1:29:43]} 11. Kf1 {[%clk 1:10:14]} gxf6
{[%clk 1:29:41]} 12. Rc1 {[%clk 1:10:17]} Qa5 {[%clk 1:29:44]} 13. h4
{[%clk 0:50:19]} Ke7 {[%clk 1:24:20]} 14. Rh3 {[%clk 0:49:13]} Nc6
{[%clk 1:22:01]} 15. Nb5 {[%clk 0:33:13]} Rd8 {[%clk 1:16:01]} 16. Qh5
{[%clk 0:16:14]} Ne5 {[%clk 0:58:34]} 17. Be2 {[%clk 0:15:22]} Bd7
{[%clk 0:50:36]} 18. Nc3 {[%clk 0:15:20]} Nc6 {[%clk 0:46:04]} 19. Nb5
{[%clk 0:11:50]} b6 {[%clk 0:43:55]} 20. Qh6 {[%clk 0:03:19]} Ne5
{[%clk 0:33:25]} 21. Nc3 {[%clk 0:03:29]} Rg8 {[%clk 0:32:21]} 22. Rd1
{[%clk 0:02:56]} Rac8 {[%clk 0:26:22]} 23. Qd2 {[%clk 0:03:08]} Rgd8
{[%clk 0:22:35]} 24. Qd6+ {[%clk 0:01:13]} Ke8 {[%clk 0:23:03]} 25. Rg3
{[%clk 0:01:20]} Ng6 {[%clk 0:22:14]} 26. Qd4 {[%clk 0:01:35]} Qe5
{[%clk 0:18:57]} 27. Qb4 {[%clk 0:02:04]} Qc5 {[%clk 0:18:38]} 28. Qb2
{[%clk 0:02:32]} Nxh4 {[%clk 0:15:58]} 29. Rg8+ {[%clk 0:00:32]} Ke7
{[%clk 0:16:21]} 30. Rxd8 {[%clk 0:00:51]} Rxd8 {[%clk 0:14:33]} 31. Rc1
{[%clk 0:01:19]} Qa5 {[%clk 0:09:05]} 32. Rd1 {[%clk 0:00:46]} Ng6
{[%clk 0:07:40]} 33. Qd2 {[%clk 0:00:52]} Qg5 {[%clk 0:06:14]} 34. Qd6+
{[%clk 0:00:32]} Ke8 {[%clk 0:06:43]} 35. g3 {[%clk 0:00:31]} Qc5
{[%clk 0:04:54]} 36. Qd2 {[%clk 0:01:00]} Nf8 {[%clk 0:03:56]} 37. Kg2
{[%clk 0:00:31]} f5 {[%clk 0:03:11]} 38. Bf3 {[%clk 0:00:37]} Rc8
{[%clk 0:03:10]} 39. Rc1 {[%clk 0:00:37]} fxe4 {[%clk 0:02:16]} 40. Bxe4
{[%clk 0:01:06]} Ng6 {[%clk 0:01:45]} 41. Rc2 {[%clk 0:00:43]} Qb4
{[%clk 0:01:37]} 42. a3 {[%clk 0:00:33]} Qa5 {[%clk 0:01:45]} 43. Bxg6
{[%clk 0:00:32]} hxg6 {[%clk 0:01:57]} 44. Qd4 {[%clk 0:00:46]} Qc5
{[%clk 0:01:56]} 45. Qf6 {[%clk 0:00:31]} Qf5 {[%clk 0:01:40]} 46. Qh8+
{[%clk 0:00:49]} Ke7 {[%clk 0:02:08]} 47. Qh4+ {[%clk 0:01:17]} g5
{[%clk 0:02:06]} 48. Qb4+ {[%clk 0:01:42]} Ke8 {[%clk 0:02:18]} 49. Ne4
{[%clk 0:01:35]} Rc6 {[%clk 0:00:42]} 50. Qd4 {[%clk 0:01:10]} e5
{[%clk 0:00:41]} 51. Qe3 {[%clk 0:00:38]} f6 {[%clk 0:00:56]} 52. Kg1
{[%clk 0:00:39]} Ke7 {[%clk 0:01:04]} 53. Re2 {[%clk 0:00:38]} Be6
{[%clk 0:01:05]} 54. a4 {[%clk 0:00:34]} Bd5 {[%clk 0:01:13]} 55. Qa3+
{[%clk 0:00:33]} Ke6 {[%clk 0:01:41]} 56. Nd2 {[%clk 0:00:32]} Qh3
{[%clk 0:00:58]} 57. Ne4 {[%clk 0:00:59]} Bxe4 {[%clk 0:00:48]} 58. Rxe4
{[%clk 0:01:27]} Qf5 {[%clk 0:00:42]} 59. Qd3 {[%clk 0:00:55]} g4
{[%clk 0:00:41]} 60. Qb3+ {[%clk 0:01:17]} Ke7 {[%clk 0:01:05]} 61. Qb4+
{[%clk 0:01:29]} Ke6 {[%clk 0:01:08]} 62. Qb3+ {[%clk 0:01:27]} Ke7
{[%clk 0:00:52]} 63. Qb4+ {[%clk 0:01:55]} Kf7 {[%clk 0:00:57]} 64. Rxg4
{[%clk 0:01:32]} Rc1+ {[%clk 0:01:16]} 65. Kg2 {[%clk 0:01:49]} Qd3
{[%clk 0:01:29]} 66. Rh4 {[%clk 0:00:36]} Qf1+ {[%clk 0:01:40]} 67. Kf3
{[%clk 0:01:04]} Qd1+ {[%clk 0:01:48]} 68. Kg2 {[%clk 0:01:29]} Qd5+
{[%clk 0:02:13]} 69. Qe4 {[%clk 0:01:33]} Qxe4+ {[%clk 0:02:38]} 70. Rxe4
{[%clk 0:02:01]} Ke6 {[%clk 0:02:58]} 71. Rb4 {[%clk 0:02:01]} Rc5
{[%clk 0:03:08]} 72. Kf3 {[%clk 0:01:34]} f5 {[%clk 0:03:07]} 73. Ke3
{[%clk 0:01:38]} Kd5 {[%clk 0:03:11]} 74. Kd3 {[%clk 0:02:04]} Ra5
{[%clk 0:01:46]} 75. Kc3 {[%clk 0:01:47]} e4 {[%clk 0:01:08]} 76. Rd4+
{[%clk 0:01:50]} Ke5 {[%clk 0:01:36]} 77. Rb4 {[%clk 0:02:08]} Rd5
{[%clk 0:01:50]} 78. Kc2 {[%clk 0:01:47]} Rd3 {[%clk 0:01:22]} 79. Rb5+
{[%clk 0:01:07]} Kf6 {[%clk 0:01:20]} 80. g4 {[%clk 0:01:11]} fxg4
{[%clk 0:01:08]} 81. a5 {[%clk 0:01:20]} bxa5 {[%clk 0:01:05]} 82. Rxa5
{[%clk 0:01:43]} Rf3 {[%clk 0:01:11]} 83. Kd2 {[%clk 0:02:12]} e3+
{[%clk 0:00:40]} 84. fxe3 {[%clk 0:02:29]} g3 {[%clk 0:01:02]} 85. Ke2
{[%clk 0:01:20]} Rf2+ {[%clk 0:01:21]} 86. Ke1 {[%clk 0:01:41]} Rf5
{[%clk 0:00:50]} 87. Ra6+ {[%clk 0:02:09]} Ke5 {[%clk 0:01:04]} 88. Rg6
{[%clk 0:02:26]} Rf3 {[%clk 0:01:14]} 89. Ke2 {[%clk 0:02:46]} Rf2+
{[%clk 0:01:41]} 90. Ke1 {[%clk 0:02:58]} Rg2 {[%clk 0:01:17]} 91. Kf1
{[%clk 0:03:18]} Ra2 {[%clk 0:01:05]} 92. Rxg3 {[%clk 0:03:31]} Ke4
{[%clk 0:01:31]} 93. Ke1 {[%clk 0:03:36]} Kd3 {[%clk 0:01:25]} 94. e4+
{[%clk 0:03:42]} Kxe4 {[%clk 0:01:48]} 95. Kd1 {[%clk 0:04:05]} a5
{[%clk 0:02:12]} 96. Kc1 {[%clk 0:04:27]} Kd4 {[%clk 0:01:39]} 97. Kb1
{[%clk 0:04:41]} Rf2 {[%clk 0:01:54]} 98. Rg4+ {[%clk 0:05:07]} Kc3
{[%clk 0:02:14]} 99. Rg3+ {[%clk 0:05:35]} 1/2-1/2

[Event "EYCC 2024 - O16"]
[Site "?"]
[Date "2024.08.25"]
[Round "4.3"]
[White "Kolimar, Kristof Pal"]
[Black "Arnold, Rhys"]
[Result "1/2-1/2"]
[BlackElo "2171"]
[WhiteElo "2306"]
[LiveChessVersion "1.4.8"]

1. d4 {[%clk 1:30:57]} Nf6 {[%clk 1:30:00]} 2. c4 {[%clk 1:31:20]} e6
{[%clk 1:30:27]} 3. Nf3 {[%clk 1:31:40]} d5 {[%clk 1:30:48]} 4. g3
{[%clk 1:32:06]} Be7 {[%clk 1:31:15]} 5. Bg2 {[%clk 1:32:32]} O-O
{[%clk 1:31:39]} 6. O-O {[%clk 1:32:54]} dxc4 {[%clk 1:32:06]} 7. Qa4
{[%clk 1:33:18]} a6 {[%clk 1:31:10]} 8. Qxc4 {[%clk 1:33:44]} b5 {[%clk 1:31:36]}
9. Qc2 {[%clk 1:34:09]} Bb7 {[%clk 1:31:45]} 10. Bd2 {[%clk 1:34:35]} Be4
{[%clk 1:32:04]} 11. Qc1 {[%clk 1:35:00]} Bb7 {[%clk 1:30:53]} 12. Bf4
{[%clk 1:35:08]} Bd6 {[%clk 1:18:57]} 13. Nbd2 {[%clk 1:35:00]} Nbd7
{[%clk 1:05:08]} 14. Nb3 {[%clk 1:34:39]} Bd5 {[%clk 1:03:59]} 15. Rd1
{[%clk 1:26:50]} Rc8 {[%clk 0:40:41]} 16. Ne5 {[%clk 1:11:05]} Qe8
{[%clk 0:38:58]} 17. Nd3 {[%clk 0:51:40]} Bxg2 {[%clk 0:34:02]} 18. Kxg2
{[%clk 0:52:04]} e5 {[%clk 0:33:24]} 19. dxe5 {[%clk 0:41:20]} Nxe5
{[%clk 0:33:10]} 20. Bxe5 {[%clk 0:40:30]} Bxe5 {[%clk 0:33:36]} 21. Nbc5
{[%clk 0:39:27]} Bd6 {[%clk 0:31:45]} 22. e3 {[%clk 0:38:16]} Bxc5
{[%clk 0:24:47]} 23. Qxc5 {[%clk 0:30:49]} Ne4 {[%clk 0:23:51]} 24. Qf5
{[%clk 0:29:13]} Qe7 {[%clk 0:19:48]} 25. f3 {[%clk 0:21:58]} Nd6
{[%clk 0:18:56]} 26. Qc5 {[%clk 0:21:53]} f5 {[%clk 0:16:31]} 27. b3
{[%clk 0:18:05]} Rfe8 {[%clk 0:15:53]} 28. Re1 {[%clk 0:18:30]} Qf7
{[%clk 0:13:40]} 29. Rad1 {[%clk 0:14:00]} a5 {[%clk 0:13:11]} 30. Ne5
{[%clk 0:11:54]} Qf6 {[%clk 0:11:47]} 31. Qd5+ {[%clk 0:12:13]} Kh8
{[%clk 0:11:36]} 32. Nc6 {[%clk 0:07:01]} Ra8 {[%clk 0:11:12]} 33. e4
{[%clk 0:04:28]} fxe4 {[%clk 0:10:28]} 34. fxe4 {[%clk 0:04:56]} Qe6
{[%clk 0:10:43]} 35. e5 {[%clk 0:03:06]} Nf5 {[%clk 0:09:55]} 36. Qxe6
{[%clk 0:02:59]} Rxe6 {[%clk 0:10:21]} 37. Rd8+ {[%clk 0:01:49]} Rxd8
{[%clk 0:09:32]} 38. Nxd8 {[%clk 0:02:17]} Re8 {[%clk 0:09:52]} 39. Nc6
{[%clk 0:02:40]} a4 {[%clk 0:09:45]} 40. bxa4 {[%clk 0:02:42]} bxa4
{[%clk 0:10:11]} 41. Re4 {[%clk 0:02:34]} h5 {[%clk 0:09:36]} 42. Rxa4 Re6
{[%clk 0:09:51]} 43. Nd8 {[%clk 0:02:25]} Re8 {[%clk 0:10:16]} 44. Nf7+
{[%clk 0:02:52]} Kh7 {[%clk 0:08:20]} 45. Ng5+ {[%clk 0:01:37]} Kg6
{[%clk 0:06:56]} 46. Nf3 {[%clk 0:01:29]} Ne3+ {[%clk 0:07:06]} 47. Kf2
{[%clk 0:01:22]} Ng4+ {[%clk 0:05:49]} 48. Ke2 {[%clk 0:01:51]} Kf5
{[%clk 0:05:26]} 49. Rf4+ {[%clk 0:01:24]} Ke6 {[%clk 0:05:52]} 50. h3
{[%clk 0:01:08]} Nxe5 {[%clk 0:04:01]} 51. Re4 {[%clk 0:01:38]} Kd5
{[%clk 0:04:30]} 52. Rxe5+ {[%clk 0:02:00]} Rxe5+ {[%clk 0:04:53]} 53. Nxe5
{[%clk 0:02:29]} Kxe5 {[%clk 0:05:19]} 54. Kd3 {[%clk 0:02:39]} Kd5
{[%clk 0:04:37]} 55. h4 {[%clk 0:02:38]} Kc5 {[%clk 0:03:40]} 56. Kc3
{[%clk 0:02:42]} Kb5 {[%clk 0:03:26]} 57. Kb3 {[%clk 0:02:48]} Ka5
{[%clk 0:02:56]} 58. a3 {[%clk 0:02:05]} Kb5 {[%clk 0:03:02]} 59. a4+
{[%clk 0:01:19]} Ka5 {[%clk 0:03:27]} 60. Ka3 {[%clk 0:01:48]} Ka6
{[%clk 0:02:41]} 61. Kb4 {[%clk 0:01:27]} Kb6 {[%clk 0:02:29]} 62. Kc4
{[%clk 0:01:41]} Ka5 {[%clk 0:01:55]} 63. Kb3 {[%clk 0:02:04]} Ka6
{[%clk 0:02:16]} 64. Kb4 {[%clk 0:02:19]} Kb6 {[%clk 0:02:43]} 65. Kc4
{[%clk 0:02:34]} Ka5 {[%clk 0:02:22]} 66. Kb3 {[%clk 0:02:30]} 1/2-1/2

[Event "EYCC 2024 - O16"]
[Site "?"]
[Date "2024.08.25"]
[Round "4.4"]
[White "Ostensen, Nicolai Maxime"]
[Black "Salonen, Aku"]
[Result "1/2-1/2"]
[BlackElo "2171"]
[WhiteElo "2292"]
[LiveChessVersion "1.4.8"]

1. Nf3 {[%clk 1:30:56]} Nf6 {[%clk 1:30:44]} 2. e3 {[%clk 1:31:04]} d5
{[%clk 1:29:58]} 3. c4 {[%clk 1:31:25]} e6 {[%clk 1:30:06]} 4. Nc3
{[%clk 1:31:44]} c5 {[%clk 1:29:58]} 5. cxd5 {[%clk 1:32:06]} exd5
{[%clk 1:30:20]} 6. d4 {[%clk 1:32:30]} Nc6 {[%clk 1:30:39]} 7. Bb5
{[%clk 1:32:52]} cxd4 {[%clk 1:30:56]} 8. Nxd4 {[%clk 1:32:14]} Bd7
{[%clk 1:26:44]} 9. O-O {[%clk 1:29:43]} Bd6 {[%clk 1:26:42]} 10. Nf3
{[%clk 1:25:24]} a6 {[%clk 1:22:12]} 11. Bxc6 {[%clk 1:24:50]} Bxc6
{[%clk 1:21:27]} 12. b3 {[%clk 1:21:00]} O-O {[%clk 1:20:17]} 13. Bb2
{[%clk 1:21:13]} Rc8 {[%clk 1:15:22]} 14. Qd4 {[%clk 1:12:39]} Qe7
{[%clk 1:10:07]} 15. Rfd1 {[%clk 1:11:14]} Rfe8 {[%clk 1:06:49]} 16. Rac1
{[%clk 1:03:16]} Qf8 {[%clk 0:43:29]} 17. Qd3 {[%clk 0:55:43]} Qe7
{[%clk 0:36:48]} 18. a4 {[%clk 0:52:36]} Red8 {[%clk 0:34:58]} 19. Ne2
{[%clk 0:45:55]} Ne4 {[%clk 0:34:38]} 20. Ng3 {[%clk 0:42:26]} Nxg3
{[%clk 0:30:44]} 21. hxg3 {[%clk 0:42:44]} Qe4 {[%clk 0:31:02]} 22. Qc3
{[%clk 0:39:08]} f6 {[%clk 0:30:27]} 23. Rd4 {[%clk 0:37:40]} Qe6
{[%clk 0:30:13]} 24. Qd2 {[%clk 0:34:57]} Be7 {[%clk 0:25:50]} 25. Qd3
{[%clk 0:29:15]} Be8 {[%clk 0:14:08]} 26. Rxc8 {[%clk 0:25:11]} Rxc8
{[%clk 0:14:28]} 27. Nh4 {[%clk 0:21:29]} Rd8 {[%clk 0:10:41]} 28. Nf5
{[%clk 0:19:37]} Bg6 {[%clk 0:08:11]} 29. Nxe7+ {[%clk 0:18:25]} Qxe7
{[%clk 0:08:18]} 30. Qc3 {[%clk 0:17:42]} Qd7 {[%clk 0:07:18]} 31. Rb4
{[%clk 0:16:09]} Rc8 {[%clk 0:07:10]} 32. Qd4 {[%clk 0:16:08]} Rc2
{[%clk 0:06:08]} 33. Qa7 {[%clk 0:09:08]} Rc7 {[%clk 0:00:50]} 34. Qb8+
{[%clk 0:09:01]} Be8 {[%clk 0:00:51]} 35. Ba3 {[%clk 0:08:49]} b5
{[%clk 0:00:57]} 36. Rd4 {[%clk 0:05:00]} Kf7 {[%clk 0:00:53]} 37. e4
{[%clk 0:04:22]} Qc8 {[%clk 0:00:41]} 38. Qb6 {[%clk 0:03:05]} Rc6
{[%clk 0:00:40]} 39. Qa5 {[%clk 0:03:17]} dxe4 {[%clk 0:00:39]} 40. axb5
{[%clk 0:01:51]} axb5 {[%clk 0:00:45]} 41. Rxe4 {[%clk 0:01:36]} Re6
{[%clk 0:00:41]} 42. Rf4 {[%clk 0:01:39]} Bc6 {[%clk 0:00:48]} 43. Qb4
{[%clk 0:01:51]} Qa8 {[%clk 0:00:37]} 44. f3 {[%clk 0:01:13]} h6 {[%clk 0:00:37]}
45. Kh2 {[%clk 0:00:51]} Kg6 {[%clk 0:00:33]} 46. Qc5 {[%clk 0:00:55]} Re5
{[%clk 0:00:35]} 47. Qc2+ {[%clk 0:00:57]} Kf7 {[%clk 0:00:42]} 48. Bb2
{[%clk 0:00:45]} Rh5+ {[%clk 0:00:43]} 49. Kg1 {[%clk 0:00:49]} Qe8
{[%clk 0:01:03]} 50. Qc3 {[%clk 0:00:34]} Qe6 {[%clk 0:01:11]} 51. g4
{[%clk 0:00:50]} Rd5 {[%clk 0:01:36]} 52. Rd4 {[%clk 0:00:36]} Rxd4
{[%clk 0:01:52]} 53. Qxd4 {[%clk 0:01:02]} 1/2-1/2

[Event "EYCC 2024 - O16"]
[Site "?"]
[Date "2024.08.25"]
[Round "4.5"]
[White "Rustamov, Rustam"]
[Black "Radu, David Cr."]
[Result "1-0"]
[BlackElo "2159"]
[WhiteElo "2283"]
[LiveChessVersion "1.4.8"]

1. e4 {[%clk 1:30:38]} c5 {[%clk 1:30:43]} 2. Nf3 {[%clk 1:30:31]} Nf6
{[%clk 1:30:35]} 3. e5 {[%clk 1:29:58]} Nd5 {[%clk 1:31:02]} 4. Nc3
{[%clk 1:30:09]} e6 {[%clk 1:31:22]} 5. Nxd5 {[%clk 1:28:37]} exd5
{[%clk 1:31:42]} 6. d4 {[%clk 1:28:47]} Nc6 {[%clk 1:31:06]} 7. dxc5
{[%clk 1:22:27]} Bxc5 {[%clk 1:30:51]} 8. Bd3 {[%clk 1:21:49]} d6
{[%clk 1:22:03]} 9. exd6 {[%clk 1:19:59]} O-O {[%clk 1:18:14]} 10. O-O
{[%clk 1:20:15]} Qxd6 {[%clk 1:17:53]} 11. c3 {[%clk 1:20:15]} Bb6
{[%clk 1:11:00]} 12. Qa4 {[%clk 1:15:43]} d4 {[%clk 0:53:08]} 13. Be4
{[%clk 1:14:54]} Bd7 {[%clk 0:50:05]} 14. Qc2 {[%clk 1:11:21]} f5
{[%clk 0:49:54]} 15. Bxc6 {[%clk 1:05:34]} Bxc6 {[%clk 0:38:06]} 16. Nxd4
{[%clk 1:05:11]} Be4 {[%clk 0:34:21]} 17. Qb3+ {[%clk 1:04:09]} Kh8
{[%clk 0:34:44]} 18. Qe6 {[%clk 1:01:23]} Qc7 {[%clk 0:28:19]} 19. Qb3
{[%clk 1:00:14]} Rf6 {[%clk 0:26:43]} 20. f3 {[%clk 0:59:17]} Bd3
{[%clk 0:27:01]} 21. Re1 {[%clk 0:59:18]} f4 {[%clk 0:23:28]} 22. Qd1
{[%clk 0:58:40]} Qc4 {[%clk 0:22:17]} 23. Qb3 {[%clk 0:52:07]} Qc5
{[%clk 0:17:37]} 24. Qd1 {[%clk 0:50:55]} Bc4 {[%clk 0:13:36]} 25. b3
{[%clk 0:47:34]} Bf7 {[%clk 0:12:52]} 26. Bb2 {[%clk 0:47:44]} Qh5
{[%clk 0:11:47]} 27. Qd2 {[%clk 0:47:27]} Rd8 {[%clk 0:10:05]} 28. Re2
{[%clk 0:41:29]} Bd5 {[%clk 0:09:32]} 29. Rae1 {[%clk 0:41:00]} Rdf8
{[%clk 0:05:00]} 30. Re5 {[%clk 0:39:21]} Qf7 {[%clk 0:05:29]} 31. c4
{[%clk 0:39:08]} Bc6 {[%clk 0:05:44]} 32. c5 {[%clk 0:39:34]} Bd8
{[%clk 0:05:39]} 33. Ne6 {[%clk 0:38:38]} Be7 {[%clk 0:02:52]} 34. Ng5 1-0

[Event "EYCC 2024 - O16"]
[Site "?"]
[Date "2024.08.25"]
[Round "4.6"]
[White "Krawczyk, Flawian"]
[Black "Vandenhole, Kobe"]
[Result "1-0"]
[BlackElo "2155"]
[WhiteElo "2263"]
[LiveChessVersion "1.4.8"]

1. e4 {[%clk 1:30:10]} c5 {[%clk 1:30:45]} 2. Nf3 {[%clk 1:30:34]} Nc6
{[%clk 1:30:46]} 3. Bb5 {[%clk 1:31:00]} e5 {[%clk 1:31:11]} 4. O-O
{[%clk 1:30:50]} Bd6 {[%clk 1:31:37]} 5. c3 {[%clk 1:31:18]} a6 {[%clk 1:31:48]}
6. Ba4 {[%clk 1:31:44]} b5 {[%clk 1:32:14]} 7. Bc2 {[%clk 1:32:11]} Nge7
{[%clk 1:32:24]} 8. d4 {[%clk 1:32:34]} cxd4 {[%clk 1:32:18]} 9. cxd4
{[%clk 1:32:49]} exd4 {[%clk 1:32:19]} 10. Nxd4 {[%clk 1:31:36]} Qc7
{[%clk 1:27:49]} 11. h3 {[%clk 1:28:44]} Bb7 {[%clk 1:21:43]} 12. Nf5
{[%clk 1:16:47]} Nxf5 {[%clk 1:15:12]} 13. exf5 {[%clk 1:16:21]} Bh2+
{[%clk 1:10:27]} 14. Kh1 {[%clk 1:15:50]} Be5 {[%clk 1:10:42]} 15. f4
{[%clk 1:06:17]} Bf6 {[%clk 1:10:07]} 16. Nc3 {[%clk 1:06:31]} Ne7
{[%clk 1:09:36]} 17. Ne4 {[%clk 1:06:28]} Bxe4 {[%clk 1:05:17]} 18. Bxe4
{[%clk 1:05:43]} d5 {[%clk 1:05:43]} 19. Bd3 {[%clk 1:03:53]} h5 {[%clk 1:03:07]}
20. a4 {[%clk 1:03:02]} b4 {[%clk 0:59:47]} 21. a5 {[%clk 1:01:20]} Qd7
{[%clk 0:58:34]} 22. Bd2 {[%clk 0:57:18]} Rb8 {[%clk 0:56:35]} 23. Bxa6
{[%clk 0:54:05]} Nxf5 {[%clk 0:53:27]} 24. Re1+ {[%clk 0:51:20]} Kf8
{[%clk 0:53:35]} 25. Bd3 {[%clk 0:51:37]} Bxb2 {[%clk 0:47:50]} 26. Rb1
{[%clk 0:49:32]} Ba3 {[%clk 0:46:39]} 27. Bxf5 {[%clk 0:38:27]} Qxf5
{[%clk 0:47:04]} 28. Re5 {[%clk 0:38:50]} Qd7 {[%clk 0:41:01]} 29. Be3
{[%clk 0:39:04]} Rh6 {[%clk 0:38:02]} 30. Rxd5 {[%clk 0:38:28]} Qe8
{[%clk 0:37:49]} 31. Re5 {[%clk 0:28:16]} Re6 {[%clk 0:34:48]} 32. Qxh5
{[%clk 0:26:54]} Rxe5 {[%clk 0:34:29]} 33. fxe5 {[%clk 0:26:18]} Kg8
{[%clk 0:34:39]} 34. a6 {[%clk 0:26:07]} Qa4 {[%clk 0:29:58]} 35. a7
{[%clk 0:26:03]} Ra8 {[%clk 0:30:11]} 36. Qf3 {[%clk 0:26:16]} Rxa7
{[%clk 0:30:37]} 37. Bxa7 {[%clk 0:26:42]} Qxa7 {[%clk 0:31:02]} 38. Rd1
{[%clk 0:25:49]} Qc7 {[%clk 0:31:06]} 39. Qd5 {[%clk 0:25:36]} Bb2
{[%clk 0:31:14]} 40. e6 {[%clk 0:25:29]} 1-0

[Event "EYCC 2024 - O16"]
[Site "?"]
[Date "2024.08.25"]
[Round "4.7"]
[White "Medovoy, Yaniv"]
[Black "Prazak, Daniel"]
[Result "1/2-1/2"]
[BlackElo "2261"]
[WhiteElo "2145"]
[LiveChessVersion "1.4.8"]

1. e4 {[%clk 1:30:58]} e6 {[%clk 1:30:44]} 2. d4 {[%clk 1:31:22]} d5
{[%clk 1:30:56]} 3. Nc3 {[%clk 1:31:43]} Bb4 {[%clk 1:30:51]} 4. e5
{[%clk 1:31:54]} c5 {[%clk 1:30:52]} 5. Bd2 {[%clk 1:32:17]} Ne7 {[%clk 1:30:27]}
6. a3 {[%clk 1:32:36]} Bxc3 {[%clk 1:30:39]} 7. Bxc3 {[%clk 1:32:58]} b6
{[%clk 1:30:13]} 8. b4 {[%clk 1:32:56]} Qc7 {[%clk 1:29:29]} 9. Bb2
{[%clk 1:33:01]} Nbc6 {[%clk 1:23:17]} 10. c3 {[%clk 1:32:27]} O-O
{[%clk 1:19:41]} 11. f4 {[%clk 1:24:00]} f6 {[%clk 1:12:52]} 12. Nf3
{[%clk 1:23:48]} fxe5 {[%clk 1:12:06]} 13. fxe5 {[%clk 1:24:10]} Nf5
{[%clk 1:02:50]} 14. Qd2 {[%clk 1:21:24]} c4 {[%clk 0:57:20]} 15. a4
{[%clk 1:19:53]} Bd7 {[%clk 0:54:54]} 16. Be2 {[%clk 1:17:53]} a6
{[%clk 0:50:01]} 17. O-O {[%clk 1:10:36]} b5 {[%clk 0:49:48]} 18. a5
{[%clk 1:10:26]} h6 {[%clk 0:36:11]} 19. g4 {[%clk 1:09:21]} Nfe7
{[%clk 0:36:19]} 20. h4 {[%clk 1:07:36]} Ng6 {[%clk 0:32:25]} 21. g5
{[%clk 0:59:33]} h5 {[%clk 0:30:49]} 22. Nh2 {[%clk 0:56:29]} Nxh4
{[%clk 0:29:47]} 23. Bxh5 {[%clk 0:55:10]} Ne7 {[%clk 0:28:58]} 24. Rae1
{[%clk 0:25:29]} Rxf1+ {[%clk 0:20:08]} 25. Rxf1 {[%clk 0:25:34]} Be8
{[%clk 0:19:58]} 26. Bg4 {[%clk 0:19:34]} Nhf5 {[%clk 0:20:19]} 27. Qg2
{[%clk 0:18:08]} Bg6 {[%clk 0:18:13]} 28. Bc1 {[%clk 0:18:23]} Kf7
{[%clk 0:16:40]} 29. Qh3 {[%clk 0:16:20]} Rf8 {[%clk 0:16:36]} 30. Nf3
{[%clk 0:13:49]} Ke8 {[%clk 0:16:39]} 31. Nh4 {[%clk 0:13:45]} Nxh4
{[%clk 0:13:47]} 32. Rxf8+ {[%clk 0:12:10]} Kxf8 {[%clk 0:14:11]} 33. Qxh4
{[%clk 0:12:32]} Kf7 {[%clk 0:14:17]} 34. Qf2+ {[%clk 0:11:19]} Nf5
{[%clk 0:14:07]} 35. Bxf5 {[%clk 0:11:35]} Bxf5 {[%clk 0:14:27]} 36. Qh4
{[%clk 0:11:39]} 1/2-1/2

[Event "EYCC 2024 - O16"]
[Site "?"]
[Date "2024.08.25"]
[Round "4.8"]
[White "Zielonka, Adam"]
[Black "Musial, Igor"]
[Result "1/2-1/2"]
[BlackElo "2142"]
[WhiteElo "2253"]
[LiveChessVersion "1.4.8"]

1. e4 {[%clk 1:30:56]} c5 {[%clk 1:30:59]} 2. Nf3 {[%clk 1:31:18]} d6
{[%clk 1:31:27]} 3. Bb5+ {[%clk 1:31:41]} Bd7 {[%clk 1:31:55]} 4. Bxd7+
{[%clk 1:31:59]} Qxd7 {[%clk 1:32:23]} 5. c4 {[%clk 1:32:04]} e5 {[%clk 1:32:48]}
6. Nc3 {[%clk 1:32:03]} Nc6 {[%clk 1:32:17]} 7. d3 {[%clk 1:32:05]} Nge7
{[%clk 1:32:39]} 8. O-O {[%clk 1:30:32]} Ng6 {[%clk 1:33:03]} 9. a3
{[%clk 1:28:36]} Be7 {[%clk 1:32:23]} 10. Nd5 {[%clk 1:27:32]} O-O
{[%clk 1:32:32]} 11. b4 {[%clk 1:25:22]} Bd8 {[%clk 1:32:56]} 12. Be3
{[%clk 1:23:22]} b6 {[%clk 1:33:22]} 13. Qa4 {[%clk 1:18:45]} Rc8
{[%clk 1:33:20]} 14. Nd2 {[%clk 1:17:01]} f5 {[%clk 1:28:14]} 15. exf5
{[%clk 1:12:16]} Rxf5 {[%clk 1:28:37]} 16. Ne4 {[%clk 1:11:36]} Rf7
{[%clk 1:21:05]} 17. Rab1 {[%clk 1:02:58]} Nh4 {[%clk 1:16:15]} 18. Kh1
{[%clk 0:58:24]} Nf5 {[%clk 0:59:06]} 19. Qd1 {[%clk 0:44:27]} Nce7
{[%clk 0:52:41]} 20. Nec3 {[%clk 0:40:04]} Nxd5 {[%clk 0:50:11]} 21. Nxd5
{[%clk 0:40:32]} Ne7 {[%clk 0:50:27]} 22. Nc3 {[%clk 0:34:23]} cxb4
{[%clk 0:44:54]} 23. axb4 {[%clk 0:34:36]} d5 {[%clk 0:45:17]} 1/2-1/2